00406nam a2200157Ia 4500003000400000005001700004008004100021020001800062040000600080041001200086082002100098100001700119245006100136260003800197300001300235OSt20250131104626.0231217s9999 xx 000 0 und d a9788184950397 c0 aEnglish a920.02 OTT;1 R aOtto, Lucas. 0a51 greatest modern heroes : heroes who changed the world c2012bJaico PublishingaAhmedabad axii, 211